Padma bou (Record no. 3073)

MARC details
000 -LEADER
fixed length control field 00432cam a2200193ua 4500
001 - CONTROL NUMBER
control field 3229
005 - DATE AND TIME OF LATEST TRANSACTION
control field 20260515113642.0
008 - FIXED-LENGTH DATA ELEMENTS--GENERAL INFORMATION
fixed length control field 111013n ii |||gr||||Z||||||asm
040 ## - CATALOGING SOURCE
Transcribing agency MAIN
082 ## - DEWEY DECIMAL CLASSIFICATION NUMBER
Classification number 891.4513
100 1# - MAIN ENTRY--PERSONAL NAME
Personal name Devi, Maya,
245 11 - TITLE STATEMENT
Title Padma bou
Statement of responsibility, etc. by Maya devi
250 ## - EDITION STATEMENT
Edition statement 1st.
260 ## - PUBLICATION, DISTRIBUTION, ETC.
Place of publication, distribution, etc. Dibrugarh:
Name of publisher, distributor, etc. Banalata,989.
300 ## - PHYSICAL DESCRIPTION
Extent 264p:
Dimensions 23cm.
653 ## - INDEX TERM--UNCONTROLLED
Uncontrolled term Assamese novel
653 ## - INDEX TERM--UNCONTROLLED
Uncontrolled term Padma bou
942 ## - ADDED ENTRY ELEMENTS (KOHA)
Koha item type Books
Holdings
Withdrawn status Lost status Damaged status Not for loan Home library Current library Shelving location Date acquired Total checkouts Full call number Barcode Date last seen Date last checked out Copy number Price effective from Koha item type
        Naharkatiya College Library Naharkatiya College Library General stacks 09/19/2020 1 891.4513 | DEV 10147 12/23/2021 12/08/2021 1 09/19/2020 Books